00807nam a2200229Ii 45000010005000000030009000050080041000140200015000550400033000700410008001030820016001111000037001272450081001642640036002453000012002813360026002933370028003193380027003479400050003749990017004249520136004411683CO-ViMGA241108s9999||||xx |||||||||||||| ||und|| a847426443X aCO-ViMGAbspaerdacCO-ViMGA0 aspa04a302.17 B27r1 aCarlos Martín Beristain94548210aReconstruir el tejido social :bun enfoque crítico de la ayuda humanitaria 1aMadrid, España : Icaria, 1999 avolumen atextbtxt2rdacontent aunmediatedbn2rdamedia avolumebnc2rdacarrier aidficha_siabuc: 1649. -- ficha_no_siabuc:1683 c40006d40006 001040708001aMEVIGERRbMEVIGERRcGENd2004-06-18o302.17 B27rpECA14438r2024-11-25 15:07:32tEj.1w2024-11-25yBKz1649 | 1973